00924nam a22002657a 45000010005000000030006000050050017000110080041000280200018000690400029000870500017001160820013001331000036001462450087001822500041002692600039003103000040003495050007003895200147003965210018005435210018005616500029005796500020006087000030006287349FISKH20250710102327.0250710b cb ||||| |||| 00| 0 eng d a9780440404200 aFISKHbengcFISKHdFISKH a PZ7.K5893 B a 823.914 aKing-Smith, Dickd(1922–2011) aBabe :bThe gallant pig /cWritten by Dick King-Smith ; Illustrated by Mary Rayner aThis edition first published in 1987 aNew York :bA yearling book,c1983 a118 pages :billustrations ;c20 cm aR  aA piglet destined for eventual butchering arrives at the farmyard, is adopted by an old sheep dog, and discovers a special secret to success. 8 a760 bLexile 8 aR bRaz-Plus  2AnimalsaTalking animals 2PigsaSheepdogs aRayner, Marydillustrator